000 00893cam a2200229 i 4500
005 20260128112751.0
008 250721s2006 jo gr 000 0 ara d
082 1 4 _a362.4
_bد ا و
100 1 _aداود، عزيز
_eمؤلف.
245 1 2 _aالإعاقة من التأهيل الى الدمج :
_bمقدمة حول الـتأهيل في المجتمع المحلي /
_cتأليف عزيز داود.
246 1 1 _adisability from rehabilitation to integration
250 _aالطبعة الأولى.
264 3 1 _aعمان :
_bدار الطريق للنشر و التوزيع،
_c2006.
300 _a416 صفحة.
650 1 7 _aالإعاقة.
650 1 7 _aالمعوقون.
650 1 7 _aالـتأهيل.
650 1 7 _aالمجتمع المحلي.
650 1 7 _aالخدمات الإجتماعية.
942 _2ddc
_cBK
999 _c106547
_d106547